Návrh využitia aktuálnych trendov marketingovej komunikácie v prezentácii značky Metalinox na trhu

Salvato in:
Dettagli Bibliografici
Autore principale: Dubovský, Miroslav (Autore)
Altri autori: Babčanová, Dagmar (Relatore della tesi)
Natura: Manoscritto Libro
Lingua:slovacco
Pubblicazione: 2022
Soggetti:
Accesso online:http://is.stuba.sk/zp/portal_zp.pl?podrobnosti=164377
Tags: Aggiungi Tag
Nessun Tag, puoi essere il primo ad aggiungerne!!

MARC

LEADER 00000ntm a22000003a 4500
001 stuzp88918
003 SK-STU
005 20220611211535.4
007 ta
008 150427s2015----xo-----f-mn---000-0-slo-d
040 |a STU  |b slo 
041 0 |a slo 
100 1 |a Dubovský, Miroslav  |u 064000  |4 aut  |U MTF Materiálovotechnologická fakulta  |T MTF Ústav priemyselného inžinierstva a manažmentu  |X 111937  |U M4000  |Y 84  |7 111937 
242 0 1 |a Proposal of Current Marketing Communication Trends in the presentation of the brand Metalinox on the market  |y eng 
245 1 0 |a Návrh využitia aktuálnych trendov marketingovej komunikácie v prezentácii značky Metalinox na trhu 
260 |c 2022 
650 4 |a marketing  |2 slo 
650 4 |a marketingová komunikácia  |2 slo 
650 4 |a propagácia  |2 slo 
650 4 |a marketing  |2 eng 
650 4 |a marketing communication  |2 eng 
650 4 |a propagation  |2 eng 
700 1 |a Babčanová, Dagmar  |u 064000  |k Z1  |4 ths  |U MTF Materiálovotechnologická fakulta  |T MTF Ústav priemyselného inžinierstva a manažmentu  |X 2819  |U M4000  |Y 84  |7 A000002819 
856 4 |u http://is.stuba.sk/zp/portal_zp.pl?podrobnosti=164377 
996 |c M* DP-14868  |l MMSKP  |s P  |a 0  |w stuzp88918_0001